[Event "chess.com SpeedChess 2023"]
[Site "chess.com INT"]
[Date "2023.09.19"]
[Round "3.8"]
[White "So, Wesley"]
[Black "Carlsen, Magnus"]
[Result "0-1"]
[WhiteTitle "GM"]
[BlackTitle "GM"]
[WhiteElo "2753"]
[BlackElo "2839"]
[WhiteFideId "5202213"]
[BlackFideId "1503014"]
[EventDate "2023.09.04"]
[EventType "k.o."]

1. e4 c6 2. d4 d5 3. exd5 cxd5 4. Bd3 Nc6 5. c3 Nf6 6. Bf4 Bg4 7. Qb3 Qd7 8. Nd2
e6 9. Ngf3 Bd6 10. Bxd6 Qxd6 11. O-O O-O 12. Rfe1 Rab8 13. Ne5 Bh5 14. a3 Rfc8
15. Re3 Qc7 16. Rae1 Nxe5 17. dxe5 Nd7 18. Rh3 g6 19. Rhe3 Nc5 20. Qb4 Qb6 21.
Qxb6 axb6 22. h3 g5 23. Bb5 Rd8 24. Rg3 h6 25. h4 d4 26. c4 Bg6 27. hxg5 Nd3 28.
Re2 hxg5 29. Ne4 Bxe4 30. Rxe4 Nxb2 31. Rb3 Nd1 32. Kf1 Nc3 33. Rg4 Kf8 34. Rxg5
Ne4 0-1

[Event "chess.com SpeedChess 2023"]
[Site "chess.com INT"]
[Date "2023.09.19"]
[Round "3.9"]
[White "Carlsen, Magnus"]
[Black "So, Wesley"]
[Result "1/2-1/2"]
[WhiteTitle "GM"]
[BlackTitle "GM"]
[WhiteElo "2839"]
[BlackElo "2753"]
[WhiteFideId "1503014"]
[BlackFideId "5202213"]
[EventDate "2023.09.04"]
[EventType "k.o."]

1. e4 e5 2. Nf3 Nc6 3. Bb5 Nf6 4. O-O Bc5 5. Nxe5 Nxe4 6. Qe2 Nxe5 7. Qxe4 Qe7
8. d4 Ng6 9. Qxe7+ Bxe7 10. f4 Bf6 11. c3 c6 12. Bd3 d5 13. f5 Ne7 14. g4 h6 15.
Bf4 Bg5 16. Bxg5 hxg5 17. Kg2 f6 18. Nd2 Kf7 19. Nf3 Bd7 20. Kg3 Rae8 21. Rae1
b6 22. h4 gxh4+ 23. Nxh4 Rh6 24. c4 Reh8 25. Rh1 dxc4 26. Bxc4+ Kf8 27. Rh2 R8h7
28. Rhe2 g5 29. Nf3 Nd5 30. Bxd5 cxd5 31. Rh2 Rxh2 32. Nxh2 Re7 33. Rxe7 Kxe7
34. Nf1 Kd6 35. Kf2 Bc6 36. Ne3 Bd7 37. Ke2 Bb5+ 38. Kd2 Bd7 39. Kc3 Bb5 40. b3
Be2 41. Kd2 Bf3 42. a4 Kc6 43. b4 Kd6 44. Kc3 Be2 45. b5 Bf3 46. Kb4 Be2 47. a5
Bf3 48. a6 Be2 49. Ka4 Bd3 50. Kb4 Be2 51. Ka4 Bd3 52. Kb4 Be2 1/2-1/2

[Event "chess.com SpeedChess 2023"]
[Site "chess.com INT"]
[Date "2023.09.19"]
[Round "3.10"]
[White "So, Wesley"]
[Black "Carlsen, Magnus"]
[Result "0-1"]
[WhiteTitle "GM"]
[BlackTitle "GM"]
[WhiteElo "2753"]
[BlackElo "2839"]
[WhiteFideId "5202213"]
[BlackFideId "1503014"]
[EventDate "2023.09.04"]
[EventType "k.o."]

1. e4 e5 2. Bc4 Nf6 3. Nc3 Bc5 4. Nf3 Nc6 5. d3 d6 6. Na4 Bb6 7. a3 h6 8. O-O
O-O 9. h3 Re8 10. Re1 Be6 11. Bb5 a6 12. Nxb6 cxb6 13. Bxc6 bxc6 14. d4 exd4 15.
Nxd4 Bd7 16. f3 c5 17. Ne2 Be6 18. b4 d5 19. bxc5 bxc5 20. exd5 Nxd5 21. Nf4 Qf6 0-1

[Event "chess.com SpeedChess 2023"]
[Site "chess.com INT"]
[Date "2023.09.19"]
[Round "3.11"]
[White "Carlsen, Magnus"]
[Black "So, Wesley"]
[Result "1-0"]
[WhiteTitle "GM"]
[BlackTitle "GM"]
[WhiteElo "2839"]
[BlackElo "2753"]
[WhiteFideId "1503014"]
[BlackFideId "5202213"]
[EventDate "2023.09.04"]
[EventType "k.o."]

1. e4 c5 2. Nf3 d6 3. d4 cxd4 4. Nxd4 Nf6 5. Nc3 a6 6. Rg1 e5 7. Nb3 h5 8. Bg5
Be7 9. Bxf6 Bxf6 10. Qd3 Bg5 11. Rd1 Be7 12. g3 Be6 13. Nd5 Nc6 14. c3 h4 15.
Kd2 Rc8 16. Kc1 Bg5+ 17. Kb1 Ne7 18. f4 Bxd5 19. exd5 Bf6 20. Bh3 Rc7 21. Bg4
Ng6 22. Rgf1 Re7 23. Nd2 hxg3 24. hxg3 exf4 25. gxf4 Rh4 26. Qg3 Qb6 27. Rfe1
Kf8 28. Ne4 Rh6 29. Nxf6 gxf6 30. Bf5 Qc5 31. Bxg6 Rxg6 32. Qh3 Rxe1 33. Rxe1
Kg7 34. Qf3 Rg1 35. Rxg1+ Qxg1+ 36. Kc2 f5 37. a4 Qg4 38. Qe3 Qg2+ 39. Qd2 Qe4+
40. Kb3 b5 41. axb5 axb5 42. Qd4+ Kg6 43. Kb4 Qe2 44. b3 Kh5 45. Ka5 Kg4 46. Kb6
Qc2 47. Kc6 Qxb3 48. Kxd6 1-0

[Event "chess.com SpeedChess 2023"]
[Site "chess.com INT"]
[Date "2023.09.19"]
[Round "3.12"]
[White "So, Wesley"]
[Black "Carlsen, Magnus"]
[Result "0-1"]
[WhiteTitle "GM"]
[BlackTitle "GM"]
[WhiteElo "2753"]
[BlackElo "2839"]
[WhiteFideId "5202213"]
[BlackFideId "1503014"]
[EventDate "2023.09.04"]
[EventType "k.o."]

1. b3 e5 2. Bb2 Nc6 3. e3 Nf6 4. Bb5 Bd6 5. Na3 e4 6. Ne2 Be5 7. Qc1 O-O 8. d4
exd3 9. cxd3 Bxb2 10. Qxb2 Nb4 11. Nb1 a6 12. a3 Nbd5 13. Bc4 Nxe3 14. fxe3 d5
15. Qd4 dxc4 16. bxc4 c5 17. Qxd8 Rxd8 18. Nc1 Ng4 19. Kd2 Bf5 20. Nc3 b5 21.
Nd5 Be6 22. e4 bxc4 23. dxc4 f5 24. Kc3 Nf2 25. Re1 Nxe4+ 26. Rxe4 fxe4 27. Nc7
Rd1 28. Nxa8 e3 29. Nc7 Bf7 30. Kb2 Bxc4 0-1

[Event "chess.com SpeedChess 2023"]
[Site "chess.com INT"]
[Date "2023.09.19"]
[Round "3.13"]
[White "Carlsen, Magnus"]
[Black "So, Wesley"]
[Result "1-0"]
[WhiteTitle "GM"]
[BlackTitle "GM"]
[WhiteElo "2839"]
[BlackElo "2753"]
[WhiteFideId "1503014"]
[BlackFideId "5202213"]
[EventDate "2023.09.04"]
[EventType "k.o."]

1. d4 Nf6 2. Bf4 Nh5 3. Bd2 Nf6 4. Bf4 Nh5 5. Bg5 h6 6. Bh4 g5 7. e3 Ng7 8. Bg3
Nf5 9. Be5 Rg8 10. h3 d6 11. Bh2 Nc6 12. Nf3 h5 13. d5 Nb8 14. e4 Nh6 15. Nc3 e5
16. dxe6 Bxe6 17. Nd4 g4 18. Bf4 Qf6 19. Qd2 gxh3 20. gxh3 Nd7 21. O-O-O O-O-O
22. Ncb5 a6 23. Na7+ Kb8 24. Nac6+ bxc6 25. Nxc6+ Kb7 26. Nxd8+ Qxd8 27. Bxh6 1-0

[Event "chess.com SpeedChess 2023"]
[Site "chess.com INT"]
[Date "2023.09.19"]
[Round "3.14"]
[White "So, Wesley"]
[Black "Carlsen, Magnus"]
[Result "0-1"]
[WhiteTitle "GM"]
[BlackTitle "GM"]
[WhiteElo "2753"]
[BlackElo "2839"]
[WhiteFideId "5202213"]
[BlackFideId "1503014"]
[EventDate "2023.09.04"]
[EventType "k.o."]

1. e4 e5 2. Bc4 Nf6 3. Nc3 Bc5 4. Nge2 O-O 5. O-O c6 6. d4 exd4 7. Nxd4 Re8 8.
Bg5 h6 9. Bh4 d6 10. Nb3 Nbd7 11. Nxc5 Nxc5 12. f3 b5 13. Be2 b4 14. Nb1 d5 15.
exd5 Qxd5 16. Bxf6 Qxd1 17. Bxd1 gxf6 18. Kf2 Bf5 19. a3 b3 20. cxb3 Nd3+ 21.
Kg1 Nxb2 22. Ra2 Bxb1 23. Rxb2 Bd3 0-1

[Event "chess.com SpeedChess 2023"]
[Site "chess.com INT"]
[Date "2023.09.19"]
[Round "3.15"]
[White "Carlsen, Magnus"]
[Black "So, Wesley"]
[Result "1-0"]
[WhiteTitle "GM"]
[BlackTitle "GM"]
[WhiteElo "2839"]
[BlackElo "2753"]
[WhiteFideId "1503014"]
[BlackFideId "5202213"]
[EventDate "2023.09.04"]
[EventType "k.o."]

1. c4 c5 2. g3 g6 3. Bg2 Bg7 4. Nc3 Nc6 5. b3 e5 6. Bb2 Nge7 7. d3 d6 8. Nf3 O-O
9. O-O h6 10. Nd2 Be6 11. Nd5 Qd7 12. a3 Bh3 13. Bxh3 Qxh3 14. b4 Qd7 15. bxc5
dxc5 16. e4 Rab8 17. Bc3 b5 18. cxb5 Rxb5 19. Nxe7+ Qxe7 20. Nc4 Qd7 21. Rb1 a6
22. Qc2 Rd8 23. Rfd1 h5 24. h4 Kh7 25. Kg2 f6 26. Nb6 Qa7 27. Nd5 Ne7 28. Ne3
Bh6 29. Nc4 Qd7 30. Ba5 Rdb8 31. a4 Rxb1 32. Rxb1 Rxb1 33. Qxb1 Nc6 34. Bc3 Bf8
35. Nb6 Qb7 36. a5 Nb4 37. Bxb4 cxb4 38. Qb3 Kg7 39. Qc4 Be7 40. Kf3 f5 41. Ke2
fxe4 42. dxe4 Bd6 43. Kd3 Qe7 44. Qxa6 Qf7 45. Nd5 Qf3+ 46. Ne3 Bc5 47. Qb7+ Kh6
48. Qc8 Bf8 49. a6 Qxf2 50. a7 1-0

[Event "chess.com SpeedChess 2023"]
[Site "chess.com INT"]
[Date "2023.09.19"]
[Round "3.16"]
[White "So, Wesley"]
[Black "Carlsen, Magnus"]
[Result "0-1"]
[WhiteTitle "GM"]
[BlackTitle "GM"]
[WhiteElo "2753"]
[BlackElo "2839"]
[WhiteFideId "5202213"]
[BlackFideId "1503014"]
[EventDate "2023.09.04"]
[EventType "k.o."]

1. Nf3 Nf6 2. c4 b6 3. Nc3 Bb7 4. g3 g6 5. Bg2 Bg7 6. d4 Ne4 7. Nxe4 Bxe4 8. O-O
O-O 9. Be3 d6 10. Qd2 Nd7 11. d5 c5 12. dxc6 Bxc6 13. Bd4 Bxf3 14. exf3 Rc8 15.
b3 Bxd4 16. Qxd4 a6 17. f4 Rc5 18. a4 a5 19. Rfe1 Rc7 20. Re3 Nc5 21. Rae1 e6
22. h4 h5 23. Bf3 Kh7 24. Kg2 Rg8 25. Rd1 Qe7 26. Qxd6 Qxd6 27. Rxd6 Rb8 28. Bc6
Kg7 29. Bb5 Kf6 30. Kf3 Rcc8 31. Ke2 Rd8 32. Rc6 Rb7 33. Rc3 Ke7 34. Re3 Rbb8
35. Rc3 Kf6 36. Re3 Rd4 37. Rc3 Kg7 38. Re3 Rbd8 39. Rxb6 Rd2+ 40. Kf3 Rb2 41.
Rc6 Nxb3 42. Rc7 Rdd2 43. Be8 Nd4+ 44. Ke4 Nf5 45. Rxf7+ Kh6 46. Ra7 Nd6+ 47.
Ke5 Nxe8 48. Ra8 Nd6 49. Kf6 Rb7 50. Rxe6 Rf7+ 51. Ke5 Nxc4+ 52. Ke4 Re2+ 53.
Kd5 Rf5+ 0-1

[Event "chess.com SpeedChess 2023"]
[Site "chess.com INT"]
[Date "2023.09.19"]
[Round "3.17"]
[White "Carlsen, Magnus"]
[Black "So, Wesley"]
[Result "1/2-1/2"]
[WhiteTitle "GM"]
[BlackTitle "GM"]
[WhiteElo "2839"]
[BlackElo "2753"]
[WhiteFideId "1503014"]
[BlackFideId "5202213"]
[EventDate "2023.09.04"]
[EventType "k.o."]

1. e4 d6 2. d4 Nf6 3. Nc3 g6 4. f4 Bg7 5. Rb1 O-O 6. Nf3 Nc6 7. d5 Nb8 8. Bd3 c6
9. dxc6 Nxc6 10. O-O Bg4 11. h3 Bxf3 12. Qxf3 Rc8 13. Be3 Nd7 14. Qf2 Nc5 15.
Bxc5 dxc5 16. e5 Qd4 17. Be4 Rfd8 18. Rfd1 Qxf2+ 19. Kxf2 f6 20. exf6 Bxf6 21.
Nd5 Bg7 22. c3 Kf7 23. Ne3 Bf6 24. Bxc6 Rxd1 25. Rxd1 Rxc6 26. Rd7 Rb6 27. Nc4
Ra6 28. Rxb7 Rxa2 29. Kf3 Ke6 30. g4 Kd5 31. Ne3+ Kc6 32. Rb8 Kc7 33. Rg8 Rxb2
34. g5 Bxc3 35. Nd5+ Kd7 36. Ra8 Bd4 37. Rxa7+ Ke6 38. Ke4 Re2+ 39. Kd3 Rh2 40.
Ke4 Bg1 41. Rxe7+ Kd6 42. Rxh7 c4 43. Rh8 Re2+ 44. Kf3 Rf2+ 45. Ke4 Re2+ 46. Kf3
Rf2+ 47. Ke4 Re2+ 1/2-1/2

[Event "chess.com SpeedChess 2023"]
[Site "chess.com INT"]
[Date "2023.09.19"]
[Round "3.18"]
[White "So, Wesley"]
[Black "Carlsen, Magnus"]
[Result "1/2-1/2"]
[WhiteTitle "GM"]
[BlackTitle "GM"]
[WhiteElo "2753"]
[BlackElo "2839"]
[WhiteFideId "5202213"]
[BlackFideId "1503014"]
[EventDate "2023.09.04"]
[EventType "k.o."]

1. d4 Nf6 2. Nf3 g6 3. c4 Bg7 4. Nc3 O-O 5. e4 d6 6. Be2 e5 7. O-O Na6 8. Be3
Qe7 9. d5 Ng4 10. Bg5 f6 11. Bh4 g5 12. Bg3 f5 13. exf5 Bxf5 14. Re1 Nh6 15. Nd2
Bg6 16. Nde4 Nf5 17. Bh5 Qf7 18. Bxg6 Qxg6 19. f3 b6 20. Bf2 Nc5 21. b4 Nxe4 22.
Nxe4 a5 23. c5 axb4 24. cxb6 cxb6 25. Qd2 g4 26. fxg4 Qxg4 27. Qxb4 Nd4 28. Bxd4
exd4 29. Qxd6 d3 30. Rad1 Rxa2 31. Qe6+ Qxe6 32. dxe6 Re2 33. Nd6 Bd4+ 34. Kh1
Bc3 35. Rg1 d2 36. Nb5 Bb4 37. Nd4 Re4 38. Nf3 Rd8 39. Rb1 Rxe6 40. Rgd1 Re4 41.
Kg1 Rd3 42. Kf2 Ba5 43. Rb5 Rd6 44. Re5 Rxe5 45. Nxe5 Kg7 46. Nf3 b5 47. Ke2 Kf6
48. Rb1 Rd5 49. Kd1 Bc3 50. Kc2 b4 51. Rd1 Kf5 52. Nxd2 Bxd2 53. Rxd2 Rxd2+ 54.
Kxd2 Ke4 55. Kc2 Ke3 56. Kb3 Kf2 57. Kxb4 Kxg2 58. h4 h5 59. Kc3 Kg3 60. Kd2
Kxh4 61. Ke1 Kg3 62. Kf1 Kh2 63. Kf2 h4 64. Kf1 h3 65. Kf2 Kh1 66. Kg3 h2 67.
Kf2 1/2-1/2

[Event "chess.com SpeedChess 2023"]
[Site "chess.com INT"]
[Date "2023.09.19"]
[Round "3.19"]
[White "Carlsen, Magnus"]
[Black "So, Wesley"]
[Result "1-0"]
[WhiteTitle "GM"]
[BlackTitle "GM"]
[WhiteElo "2839"]
[BlackElo "2753"]
[WhiteFideId "1503014"]
[BlackFideId "5202213"]
[EventDate "2023.09.04"]
[EventType "k.o."]

1. Nf3 c5 2. e4 d6 3. c3 Nf6 4. h3 Nc6 5. Bd3 g6 6. Bc2 e5 7. d4 cxd4 8. cxd4
exd4 9. O-O Bg7 10. Nxd4 O-O 11. Nc3 Re8 12. Ndb5 Re6 13. Bb3 Re7 14. Nxd6 Rd7
15. Bf4 Nh5 16. Nxf7 Rxf7 17. Bxf7+ Kxf7 18. Qb3+ Kf8 19. Rad1 Nd4 20. Qb4+ Kf7
21. Be3 Nc6 22. Qb3+ 1-0

[Event "chess.com SpeedChess 2023"]
[Site "chess.com INT"]
[Date "2023.09.19"]
[Round "3.20"]
[White "So, Wesley"]
[Black "Carlsen, Magnus"]
[Result "0-1"]
[WhiteTitle "GM"]
[BlackTitle "GM"]
[WhiteElo "2753"]
[BlackElo "2839"]
[WhiteFideId "5202213"]
[BlackFideId "1503014"]
[EventDate "2023.09.04"]
[EventType "k.o."]

1. b3 e5 2. Bb2 Nc6 3. e3 Nf6 4. Bb5 Bd6 5. Na3 e4 6. Ne2 Be5 7. Bxe5 Nxe5 8.
Ng3 O-O 9. O-O d5 10. Be2 c6 11. d4 Ng6 12. c4 Nh4 13. Rc1 g6 14. cxd5 cxd5 15.
Qc2 Qe7 16. Qc5 Qd8 17. Qc7 a6 18. Qxd8 Rxd8 19. Rc7 Ne8 20. Rc5 Be6 21. Rfc1
Rac8 22. b4 b6 23. R5c3 Rxc3 24. Rxc3 Rc8 25. Nb1 Rxc3 26. Nxc3 Nc7 27. Na4 b5
28. Nc5 Bc8 29. Kf1 Kf8 30. Bd1 Ke7 31. a4 bxa4 32. Bxa4 Kd6 33. Ne2 Nf5 34. Nc3
Ne7 35. Ke2 Nc6 36. Bxc6 Kxc6 37. f3 exf3+ 38. gxf3 Nb5 39. N5a4 g5 40. Kd3 f5
41. e4 fxe4+ 42. fxe4 dxe4+ 43. Kxe4 Nxc3+ 44. Nxc3 h5 45. Ke5 g4 46. d5+ Kb6
47. Kf4 h4 48. Ne4 Kc7 49. Kg5 g3 50. hxg3 h3 51. Nf2 h2 52. Kh4 Kd6 53. g4 Kxd5
54. Kg3 Kc4 55. g5 Kxb4 56. Kxh2 a5 57. Nd3+ Kc3 58. Nc5 Kc4 59. Na4 Bf5 60. Kg3
Kb4 61. Kf4 Bg6 62. Nb6 Kb5 63. Nd5 Bf7 64. Ke5 Kc5 65. Nc3 Kc4 66. Na4 Be8 67.
Nb6+ Kc5 68. Nd5 a4 69. Nc3 a3 70. Ke4 Kc4 71. Na2 Bf7 0-1

[Event "chess.com SpeedChess 2023"]
[Site "chess.com INT"]
[Date "2023.09.19"]
[Round "3.21"]
[White "Carlsen, Magnus"]
[Black "So, Wesley"]
[Result "1/2-1/2"]
[WhiteTitle "GM"]
[BlackTitle "GM"]
[WhiteElo "2839"]
[BlackElo "2753"]
[WhiteFideId "1503014"]
[BlackFideId "5202213"]
[EventDate "2023.09.04"]
[EventType "k.o."]

1. d4 f5 2. Nc3 Nf6 3. Bg5 d5 4. e3 e6 5. Nf3 Be7 6. Bd3 Ne4 7. Bxe7 Qxe7 8. O-O
O-O 9. Ne2 c5 10. c4 dxc4 11. Bxc4 Nd6 12. Qb3 b5 13. dxc5 Nxc4 14. Qxb5 Ba6 15.
Qb4 Nc6 16. Qc3 e5 17. Rfe1 Rab8 18. b3 e4 19. Nfd4 N4e5 20. Nf4 Qf6 21. Rad1
Nxd4 22. Qxd4 Nd3 23. Qd5+ Qf7 24. Qxf7+ Kxf7 25. Nxd3 Bxd3 26. Rc1 Rfc8 27. h4
Ke6 28. Rc3 Kd5 29. Rec1 Rc6 30. a3 a5 31. Kh2 Rb5 32. b4 axb4 33. axb4 Rxb4 34.
Ra3 Rb7 35. Kg3 Ke5 36. Ra8 Rbc7 37. Rh8 h6 38. Re8+ Kf6 39. Rf8+ Rf7 40. Rd8
Rfc7 41. Rf8+ Ke5 42. Re8+ Re6 43. Rg8 Rg6+ 44. Kh3 Rgc6 45. Re8+ Kf6 46. Rf8+
Kg6 47. h5+ Kg5 48. f4+ exf3 49. gxf3 Rxc5 50. Rd1 Be2 51. Rg1+ Kxh5 52. Kg3 f4+
53. exf4 Rc2 54. f5 Kg5 55. Kf2+ Kf4 56. Rg4+ Ke5 57. Re4+ Kd5 58. Rd8+ Kc6 59.
Re6+ Kb7 60. Rxe2 Rxe2+ 61. Kxe2 Rf7 62. Ke3 Rxf5 63. Rd7+ Kc6 64. Rxg7 Kd5 65.
f4 h5 66. Kf3 Ke6 67. Rh7 Kf6 68. Rh6+ Kg7 69. Ra6 Rb5 70. Ke4 Rb4+ 71. Kf5 Rb5+
72. Ke4 Rb4+ 73. Kf5 Rb5+ 74. Ke4 1/2-1/2

[Event "chess.com SpeedChess 2023"]
[Site "chess.com INT"]
[Date "2023.09.19"]
[Round "3.22"]
[White "So, Wesley"]
[Black "Carlsen, Magnus"]
[Result "0-1"]
[WhiteTitle "GM"]
[BlackTitle "GM"]
[WhiteElo "2753"]
[BlackElo "2839"]
[WhiteFideId "5202213"]
[BlackFideId "1503014"]
[EventDate "2023.09.04"]
[EventType "k.o."]

1. Nf3 Nf6 2. b3 g6 3. Bb2 Bg7 4. g3 O-O 5. c4 b6 6. Bg2 Bb7 7. O-O e6 8. d4 Na6
9. Re1 d5 10. cxd5 exd5 11. Nc3 Qe7 12. Rc1 Rfd8 13. e3 c5 14. Ba3 Ne4 15. Nd2
Nxc3 16. Rxc3 Nb4 17. Bxb4 cxb4 18. Rc2 Rac8 19. Nf3 Rc3 20. Qd2 Rdc8 21. Rec1
Qc7 22. Ne1 a5 23. h4 Qc6 24. Bh3 Rc7 25. Bf1 Bc8 26. Bd3 Bf8 27. Kg2 h5 28. Nf3
Qe6 29. Ng1 Bd6 30. Kf1 Kg7 31. Ke1 g5 32. hxg5 h4 33. gxh4 Qg4 34. Ne2 Qxh4 35.
Nxc3 bxc3 36. Qe2 Bg4 37. Qf1 Re7 38. Re2 Bf3 39. Kd1 Rc7 40. Kc2 b5 41. Ree1 a4
42. Be2 Be4+ 43. Bd3 axb3+ 44. axb3 Ra7 45. Ra1 Bxd3+ 46. Qxd3 Rxa1 47. Rxa1
Qxf2+ 48. Kd1 Qg1+ 0-1

[Event "chess.com SpeedChess 2023"]
[Site "chess.com INT"]
[Date "2023.09.19"]
[Round "3.23"]
[White "Carlsen, Magnus"]
[Black "So, Wesley"]
[Result "1/2-1/2"]
[WhiteTitle "GM"]
[BlackTitle "GM"]
[WhiteElo "2839"]
[BlackElo "2753"]
[WhiteFideId "1503014"]
[BlackFideId "5202213"]
[EventDate "2023.09.04"]
[EventType "k.o."]

1. e4 e5 2. Nf3 Nf6 3. Nxe5 d6 4. Nf3 Nxe4 5. d4 d5 6. Bd3 Bf5 7. O-O Be7 8. Re1
O-O 9. c4 Nc6 10. Nc3 Nxc3 11. bxc3 Bxd3 12. Qxd3 dxc4 13. Qxc4 Bd6 14. Rb1 Re8
15. Bg5 Rxe1+ 16. Rxe1 Qd7 17. Bh4 Re8 18. Rxe8+ Qxe8 19. Bg3 h6 20. Bxd6 cxd6
21. Qd5 Qe6 22. Qxe6 fxe6 23. Kf1 b5 24. Ke2 Na5 25. Nd2 Kf7 26. Kd3 d5 27. f4
Nc4 28. Nxc4 bxc4+ 29. Ke3 Kf6 30. g4 g6 31. Kf3 a5 32. a4 Kf7 33. h4 Kg7 34. g5
h5 35. Ke3 Kf7 36. Kf3 Ke7 37. Ke3 Kf7 38. Kf3 Ke7 39. Ke3 Kd8 40. Kf3 Kc7 41.
Ke3 Kb8 42. Kf3 Ka8 1/2-1/2

[Event "chess.com SpeedChess 2023"]
[Site "chess.com INT"]
[Date "2023.09.19"]
[Round "3.24"]
[White "So, Wesley"]
[Black "Carlsen, Magnus"]
[Result "0-1"]
[WhiteTitle "GM"]
[BlackTitle "GM"]
[WhiteElo "2753"]
[BlackElo "2839"]
[WhiteFideId "5202213"]
[BlackFideId "1503014"]
[EventDate "2023.09.04"]
[EventType "k.o."]

1. e4 c6 2. d4 d5 3. exd5 cxd5 4. Bd3 Nc6 5. c3 e6 6. Bf4 Bd6 7. Bg3 Nge7 8. Nf3
O-O 9. O-O Nf5 10. Bxf5 exf5 11. Bxd6 Qxd6 12. Re1 f4 13. Nbd2 Bf5 14. Ne5 Rae8
15. Qf3 Nxe5 16. Qxf4 Nc4 0-1

[Event "chess.com SpeedChess 2023"]
[Site "chess.com INT"]
[Date "2023.09.19"]
[Round "3.25"]
[White "Carlsen, Magnus"]
[Black "So, Wesley"]
[Result "1-0"]
[WhiteTitle "GM"]
[BlackTitle "GM"]
[WhiteElo "2839"]
[BlackElo "2753"]
[WhiteFideId "1503014"]
[BlackFideId "5202213"]
[EventDate "2023.09.04"]
[EventType "k.o."]

1. Nf3 c5 2. g3 d5 3. Bg2 Nc6 4. d4 e6 5. O-O Nf6 6. c4 dxc4 7. Na3 cxd4 8. Nxc4
Be7 9. b3 Nd7 10. Nxd4 Nxd4 11. Qxd4 Bf6 12. Nd6+ Kf8 13. Qb4 a5 14. Qa3 Be7 15.
Be3 Ra6 16. Rfd1 Nf6 17. Bc5 Bxd6 18. Bxd6+ 1-0

[Event "chess.com SpeedChess 2023"]
[Site "chess.com INT"]
[Date "2023.09.19"]
[Round "3.26"]
[White "So, Wesley"]
[Black "Carlsen, Magnus"]
[Result "1/2-1/2"]
[WhiteTitle "GM"]
[BlackTitle "GM"]
[WhiteElo "2753"]
[BlackElo "2839"]
[WhiteFideId "5202213"]
[BlackFideId "1503014"]
[EventDate "2023.09.04"]
[EventType "k.o."]

1. Nf3 Nf6 2. d4 b6 3. c4 Bb7 4. g3 g6 5. Bg2 Bg7 6. O-O O-O 7. d5 b5 8. Nc3
bxc4 9. Nd2 c6 10. Nxc4 cxd5 11. Nxd5 Nxd5 12. Bxd5 Bxd5 13. Qxd5 Nc6 14. Rd1
Rc8 15. Be3 Nb4 16. Qb5 d5 17. Qxb4 Rxc4 18. Qxc4 dxc4 19. Rxd8 Rxd8 20. Rc1
Bxb2 21. Rxc4 a5 22. a4 Ba3 23. Bb6 Rd1+ 24. Kg2 Bb4 25. Bc5 Rb1 26. Bxb4 Rxb4
27. Rxb4 axb4 28. a5 b3 29. a6 b2 30. a7 b1=Q 31. a8=Q+ Kg7 32. Qf3 Qb2 33. h4
Qf6 1/2-1/2

[Event "chess.com SpeedChess 2023"]
[Site "chess.com INT"]
[Date "2023.09.19"]
[Round "3.27"]
[White "Carlsen, Magnus"]
[Black "So, Wesley"]
[Result "0-1"]
[WhiteTitle "GM"]
[BlackTitle "GM"]
[WhiteElo "2839"]
[BlackElo "2753"]
[WhiteFideId "1503014"]
[BlackFideId "5202213"]
[EventDate "2023.09.04"]
[EventType "k.o."]

1. b3 e5 2. Bb2 Nc6 3. e3 d5 4. Bb5 Ne7 5. h4 a6 6. Be2 Be6 7. Nf3 f6 8. d4 e4
9. Nfd2 f5 10. c4 Ng8 11. cxd5 Bxd5 12. Nc3 Bf7 13. Bc4 Nf6 14. Bxf7+ Kxf7 15.
a3 Bd6 16. g4 Nxg4 17. Ndxe4 Re8 18. Qf3 Qd7 19. Ng5+ Kg8 20. Qd5+ Kf8 21. Nxh7+
Ke7 22. Ng5 Kd8 23. Nf7+ Ke7 24. Nxd6 cxd6 25. Rg1 Kf8 26. O-O-O Rad8 27. Qf3
Qf7 28. Kb1 Kg8 29. Nd5 Na5 30. Bc3 Re4 31. Rxg4 Qxd5 32. Rxg7+ Kxg7 33. Rg1+
Kh6 34. Qg2 Qxb3+ 35. Bb2 Rg4 36. Qh1 Nc4 0-1

[Event "chess.com SpeedChess 2023"]
[Site "chess.com INT"]
[Date "2023.09.19"]
[Round "3.28"]
[White "So, Wesley"]
[Black "Carlsen, Magnus"]
[Result "1/2-1/2"]
[WhiteTitle "GM"]
[BlackTitle "GM"]
[WhiteElo "2753"]
[BlackElo "2839"]
[WhiteFideId "5202213"]
[BlackFideId "1503014"]
[EventDate "2023.09.04"]
[EventType "k.o."]

1. b3 Nf6 2. Bb2 g6 3. g3 Bg7 4. c4 O-O 5. Bg2 d5 6. cxd5 Nxd5 7. Bxg7 Kxg7 8.
d4 Nf6 9. Nc3 c6 10. Nf3 Qa5 11. Qd2 Rd8 12. O-O Bg4 13. Rfd1 Bxf3 14. Bxf3 Nbd7
15. Bg2 Rac8 16. Qb2 h5 17. b4 Qb6 18. Rac1 e5 19. dxe5 Nxe5 20. Rxd8 Rxd8 21.
b5 Neg4 22. e3 Nxe3 23. Na4 Qd4 24. Qxd4 Rxd4 25. bxc6 bxc6 26. Bxc6 Neg4 27.
Rc2 Ne5 28. Nb2 Nxc6 29. Rxc6 Rd2 30. Nc4 Rxa2 31. Ne5 Ng4 32. Nxg4 hxg4 33. Rc4
f5 34. Rc7+ Kf6 35. Rc6+ Ke5 36. Rxg6 a5 37. Ra6 a4 38. Kg2 a3 39. h4 gxh3+ 40.
Kxh3 Rxf2 41. Ra5+ Kf6 42. Rxa3 Kg5 43. Ra4 Re2 44. Rb4 Re4 45. Rxe4 fxe4 46.
Kg2 Kg4 47. Kf2 e3+ 48. Kxe3 Kxg3 1/2-1/2

[Event "chess.com SpeedChess 2023"]
[Site "chess.com INT"]
[Date "2023.09.19"]
[Round "3.29"]
[White "Carlsen, Magnus"]
[Black "So, Wesley"]
[Result "1/2-1/2"]
[WhiteTitle "GM"]
[BlackTitle "GM"]
[WhiteElo "2839"]
[BlackElo "2753"]
[WhiteFideId "1503014"]
[BlackFideId "5202213"]
[EventDate "2023.09.04"]
[EventType "k.o."]

1. e4 d6 2. d4 Nf6 3. Nc3 g6 4. Nf3 Bg7 5. Be2 O-O 6. O-O c6 7. a4 e5 8. dxe5
dxe5 9. Qxd8 Rxd8 10. Bc4 Nbd7 11. Be3 Ng4 12. Bg5 Re8 13. h3 Ngf6 14. Be3 Bf8
15. Ng5 Re7 16. Rfd1 h6 17. Nf3 Re8 18. a5 Kg7 19. Nd2 Bc5 20. Bxc5 Nxc5 21. b4
Ne6 22. Bb3 Nd4 23. Nc4 Be6 24. a6 b6 25. Rd2 Bxc4 26. Bxc4 Kf8 27. f3 Nh5 28.
Nd1 Rad8 29. Kf2 Nf4 30. h4 Nb5 31. Rxd8 Rxd8 32. Ne3 Rd2+ 33. Ke1 Rd4 34. Bxb5
cxb5 35. g3 Ne6 36. Nd5 Rc4 37. c3 Nc7 38. Nxc7 Rxc7 39. Kd2 Ke7 40. g4 Rd7+ 41.
Kc2 f6 42. h5 g5 43. Rd1 Rxd1 44. Kxd1 Kd6 45. Kc2 Kc6 46. Kb3 Kd6 47. Kc2 Kc6
48. Kb3 Kd6 49. Kc2 1/2-1/2